Paesi nominati nella pagina Wikipedia della Francia - Statistics

Statistiche generali
  • Questo quiz è stato fatto 75 volte
  • Il punteggio medio è 26 su 35
Statistiche sulle risposte
Volte in cui viene nominato Indizio (basato sul motivo per cui lo stato è nominato nella pagina Wikipedia) Paese % Corretto
12 Paese confinante Italia
100%
26 Paese confinante Germania
98%
9 Paese confinante Spagna
98%
8 Paese confinante Belgio
97%
14 La Francia è la terza economia europea, dopo questo paese Regno Unito
97%
9 La Francia è il terzo paese più esteso d'Europa, il primo è questo paese Russia
97%
13 La Francia è seconda per numero di ambasciate e consolati dopo questo paese Stati Uniti
95%
4 Paese confinante Svizzera
95%
4 Paese confinante Lussemburgo
94%
4 Paese confinante Andorra
91%
3 Paese confinante nei territori d'oltremare Paesi Bassi
91%
1 Paese confinante nei territori d'oltremare Brasile
89%
4 Paese parzialmente colonizzato dalla Francia, ma ceduto alla Gran Bretagna nel '700 Canada
89%
1 Paese colonizzato dalla Francia Algeria
88%
1 La Francia è il secondo paese più esteso d'Europa, dopo questo paese Ucraina
88%
3 Paese confinante Monaco
86%
2 In seguito all'invasione tedesca di questo paese, la Francia entrò nella seconda guerra mondiale Polonia
85%
1 Paese confinante nei territori d'oltremare Suriname
78%
4 Paese con cui la Francia fu spesso in guerra durante la sua storia Austria
75%
5 Paese d'origine di molti immigrati residenti in Francia Cina
74%
1 Paese parzialmente colonizzato dalla Francia, ma ceduto alla Gran Bretagna nel '700 India
72%
2 Paese d'origine di molti immigrati residenti in Francia Turchia
68%
1 Paese d'origine di molti immigrati residenti in Francia Portogallo
63%
1 Paese colonizzato dalla Francia Senegal
63%
1 Uno scandalo legato alla costruzione di un canale in questo paese travolse molti politici e industriali francesi Panama
58%
1 Paese d'origine di molti immigrati residenti in Francia Romania
55%
1 Paese d'origine di molti immigrati residenti in Francia Grecia
54%
2 La Francia è il sesto paese con più immigrati, terzo è questo paese Arabia Saudita
49%
1 Paese tra i principali fornitori di petrolio della Francia Norvegia
48%
1 Paese in cui la Francia schiera truppe in missioni di pace Ciad
45%
1 Le Terre Australi e Antartiche Francesi si trovano poco lontano da questo paese Madagascar
45%
1 Paese d'origine di molti immigrati residenti in Francia Vietnam
42%
1 Paese in cui la Francia schiera truppe in missioni di pace Costa d'Avorio
32%
1 Le Terre Australi e Antartiche Francesi si trovano poco lontano da questo paese Mauritius
26%
1 Paese d'origine di molti immigrati residenti in Francia Armenia
25%
Nessun quiz corrispondente trovato
Distribuzione punteggi
Percentuale di utenti per punteggio
Percentile per numero di risposta
I tuoi punteggi nel tempo
Non hai fatto questo quiz